000 01159nam0a2200325 4500
001 RU\NLR\bibl\901151
005 20250614180111.0
010 _a5-8459-0816-7
_92000
021 _aRU
_b2005-80621
_93983
035 _a(NLR Aleph) 000889584
090 _a1709899
_c1709899
100 _a20060127d2005 |||y0rusy50 ca
101 1 _arus
_ceng
102 _aRU
105 _aa |||||||||
200 1 _aОсновы композиции в Photoshop с Джоном Лундом
_fДжон Лунд и Памела Пфиффнер
_g[пер. с англ. и ред. И.Б. Тараброва]
210 _aМосква и др.
_cВильямс
_d2005
215 _a315 с.
_cцв. ил.
_d29
225 1 _aМастер-класс Adobe
320 _aПредм. указ.: с. 315
606 1 _aADOBE PHOTOSHOP, графический редактор
_91993017
_3RU\NLR\auth\66915208
686 _aМ944.8
686 _aЗ973.23-018.3
700 1 _aЛунд
_bД.
_gДжон
_4070
701 1 _aПфиффнер
_bП.
_gПамела
_4070
801 0 _aRU
_bNLR
_c20060127
_grcr
801 1 _aRU
_bNLR
_c20060127
942 _cBOOK
980 _aNB